Trabajar en equipo es golazo (Registro nro. 3124)
[ vista simple ]
| 000 -Cabecera | |
|---|---|
| Campo de control de longitud fija | 00695aam a2200289 4500 |
| 005 - Fecha y hora de la última transacción | |
| Campo de control | 20241122135645.0 |
| 008 - Elementos de longitud fija--Información general | |
| Campo de control de longitud fija | 150626b xxu||||| |||| 00| 0 spa d |
| 041 ## - Idioma | |
| Código de idioma | |
| 082 ## - Clasificación Decimal Dewey | |
| Número de clasificación | 658.3 W855t |
| 100 ## - Entrada principal--Autor personal | |
| Nombre personal | Wolff, Quique |
| 9 (RLIN) | 26702 |
| 245 ## - Título propiamente dicho | |
| Título | Trabajar en equipo es golazo |
| 260 ## - Pie de imprenta | |
| Lugar de publicación, distribución, etc. | España |
| Nombre del editor, distribuidor, etc. | Empresa activa |
| Fecha de publicación, distribución, etc. | 2012 |
| 300 ## - Descripción física | |
| Extensión | 126 páginas |
| 650 ## - Materia general | |
| Temática (materia general) | TRABAJO EN EQUIPO |
| 650 ## - Materia general | |
| Temática (materia general) | ESTRATEGIAS |
| 650 ## - Materia general | |
| Temática (materia general) | APRENDIZAJE |
| 650 ## - Materia general | |
| Temática (materia general) | ESFUERZO |
| 650 ## - Materia general | |
| Temática (materia general) | RESPETO |
| 650 ## - Materia general | |
| Temática (materia general) | TRABAJO |
| 650 ## - Materia general | |
| Temática (materia general) | CREACTIVIDAD |
| 650 ## - Materia general | |
| Temática (materia general) | LIDERAZGO |
| 650 ## - Materia general | |
| Temática (materia general) | ÉXITO |
| 650 ## - Materia general | |
| Temática (materia general) | TOMAS DE DECISIONES |
| 650 ## - Materia general | |
| Temática (materia general) | LÍDER |
| 942 ## - Punto de acceso adicional KOHA | |
| Tipo de ítem KOHA | Libro |
| Fuente del sistema de clasificación o colocación | Dewey Decimal Classification |
| Signatura completa | Código de barras | Programa Académico | Tipo de ítem |
|---|---|---|---|
| 658.3 W855t | 17970 | Libro |